Psychology: Indian subcontinent edition (Record no. 8878)

MARC details
000 -LEADER
fixed length control field 00501nam a2200181Ia 4500
008 - FIXED-LENGTH DATA ELEMENTS--GENERAL INFORMATION
fixed length control field 230917s9999||||xx |||||||||||||| ||und||
020 ## - ISBN
Price RS 799.00
040 ## - CATALOGING SOURCE
-- 5012133
Original cataloging agency VIVEKANANDA LIBRARY
041 ## - Language
-- English
082 ## - DDC NUMBER
Classification number 150 B268P(5)
100 ## - MAIN ENTRY--PERSONAL NAME
Personal name Baron, Robert A
245 #0 - TITLE STATEMENT
Title Psychology: Indian subcontinent edition
250 ## - EDITION STATEMENT
Edition statement 5th ed.
260 ## - PUBLICATION, DISTRIBUTION, ETC. (IMPRINT)
Place of publication, distribution, etc Noida
Name of publisher, distributor, etc Pearson India Education Services
Date of publication, distribution, etc 2023
300 ## - PHYSICAL DESCRIPTION
Pages xxx, 646 p.
500 ## - GENERAL NOTE
General note 5062 15/02/2023 PBA23/561 16/02/2023 Main Budget
942 ## - ADDED ENTRY ELEMENTS (KOHA)
Koha item type Books
Holdings
Withdrawn status Lost status Damaged status Not for loan Location (home branch) Sublocation or collection (holding branch) Date acquired Koha issues (times borrowed) Koha full call number Accession No. Koha date last seen Koha item type
        VIVEKANANDA LIBRARY VIVEKANANDA LIBRARY 15/03/2023 8 150 B268P(5) 407396 19/04/2025 Books
        VIVEKANANDA LIBRARY VIVEKANANDA LIBRARY 15/03/2023 6 150 B268P(5) 407397 15/01/2026 Books
        VIVEKANANDA LIBRARY VIVEKANANDA LIBRARY 15/03/2023 8 150 B268P(5) 407398 16/06/2025 Books
        VIVEKANANDA LIBRARY VIVEKANANDA LIBRARY 15/03/2023 7 150 B268P(5) 407399 05/06/2025 Books
        VIVEKANANDA LIBRARY VIVEKANANDA LIBRARY 15/03/2023 11 150 B268P(5) 407400 27/04/2026 Books
© Designed and Maintained by Vivekananda Library, MDU Rohtak